000 00394cam a2200157ua 4500
041 _amal
_h
082 _a894.812 308
_bMAN/AR
100 _aMannummood, C J .
245 _aArabin Kathakal-Part VI /
_cC J Mannummood.
_hTextual Documents
250 _a1 /
_b.
260 _aTrivandurm :
_bBalan Publications ,
_c1965.
300 _a68 ; .
504 _a
942 _cBK
999 _c3909
_d3909